Benson Boone True/False Quiz - Statistics

General Stats
  • This quiz has been taken 64 times
  • The average score is 15 of 15
Answer Stats
Hint Answer % Correct
In high school he was on the wrestling team False
100%
He designs his own album covers True
100%
He went to college to study agriculture False
98%
He has five sibling False
98%
He can play violin False
98%
He hates his moms lasagna False
98%
He loves gushers True
98%
He has written over 25 songs True
98%
He almost quit music True
98%
Benson Boone wrote the song In The Stars for his Grandma False
96%
Benson Boone wrote the song Ghost Town for a friends toxic relationship. True
96%
Benson Boone has a sitster named claire True
94%
He started pursuing music in 2020 False
93%
He hates his sister False
93%
Benson Boone is amazing True
93%
No matching quizzes found
Score Distribution
Percent of People with Each Score
Percentile by Number Answered
Your Score History
You have not taken this quiz